• 首页
  • 本馆介绍
  • 公告通知
  • 最新文献
  • 馆藏检索
  • 电子资源
  • 读者导购
  • 参考咨询
  • 我的图书馆
  • 登录
  • 详细信息显示
  • 放入我的书架
  • 预约/预借图书
  • 作者相关作品
  • 分类相关作品
  • 丛书相关作品
  • 出版社相关作品

书目信息

  • 表格格式
  • 工作单格式
  • 卡片格式
题名:
初级德语口语教程
    
 
作者: 冯亚琳 主编
分册:  
出版信息: 天津   南开大学出版社  2002
页数: 137页
开本: 20cm
丛书名: 外语实用口语入门丛书
单 册:
中图分类: H339.9
科图分类:
主题词: 德语--口语--教材
电子资源:
ISBN: 978-7-310-54041-9
000 00651nam0 2200217 450
001 0727950078
005 20070717165157.35
010    @a978-7-310-54041-9@dCNY16.00
100    @a20070716d2002 km y0chiy0120 ea
101 0  @achi
102    @aCN@b120000
200 1  @a初级德语口语教程@Achu ji de yu kou yu jiao cheng@f冯亚琳等主编@Ffeng ya lin deng zhu bian
210    @a天津@c南开大学出版社@d2002
215    @a137页@d20cm
225 2  @a外语实用口语入门丛书
410  0 @12001 @a外语实用口语入门丛书
606 0  @a德语@x口语@x教材
690    @aH339.9@v3
701  0 @a冯亚琳@Afeng ya lin@4主编
801  0 @aCN@bPFT@c20070717
905    @a10447@dH339.9@e115
    
    初级德语口语教程/冯亚琳等主编.-天津:南开大学出版社,2002
    137页;20cm.-(外语实用口语入门丛书)
    
    
    ISBN 978-7-310-54041-9:CNY16.00
    
●
相关链接 在E读中查询图书 在五车中查询图书 在当当中查询图书 在豆瓣中查询图书


正题名:初级德语口语教程     索取号:H339.9/115         预约/预借

序号 登录号 条形码 馆藏地/架位号 状态 备注
1 0777824   207778243   第二样本阅览室/ [索取号:H339.9/115] 在馆    
欢迎您!
大连网信软件有限公司© 版权所有